| 000 | 00536nam a22002177a 4500 | ||
|---|---|---|---|
| 003 | EC-GqESP | ||
| 005 | 20250606153059.0 | ||
| 008 | 250528b |||||||| |||| 00| 0 eng d | ||
| 020 | _a978-9942-7019-6-1 | ||
| 041 | _aESP | ||
| 043 | _aEC | ||
| 082 | _a808.831 | ||
| 100 | _aHinojosa Oña, Eduardo | ||
| 245 | _aAlebrije: Siete textos escénicos | ||
| 250 | _a1A ED. | ||
| 260 |
_aGuayaquil _bEL FAKIR _c2022 |
||
| 300 |
_a293 p. _bIndice _c20x15 cm |
||
| 650 | _aAlebrije | ||
| 650 | _aSiete textos escénicos | ||
| 942 | _c01 | ||
| 999 |
_c237958 _d237958 |
||